000 00560nam a2200193Ia 4500
005 20250508162738.0
008 008 250505s9999 xx 000 0 eng d
037 _aTextual
040 _aFEDL
_beng
_cFEDL
041 _aeng
_2eng
084 _a370.71, VED
_qFEDL
100 _aVedanayagam E G
_9773964
245 0 _aTeaching technology for college teachers
260 _aNew Delhi, India
_bSterling Publishers Private Ltd
_c1988
300 _axiv,281p
650 _aEducation
942 _cTEXL
_h370.71, VED
999 _c1378457
_d1378457